रणघोष / (Record no. 51151)

MARC details
000 -LEADER
fixed length control field 01197nam a22002897a 4500
005 - DATE AND TIME OF LATEST TRANSACTION
control field 20080929101452.0
008 - FIXED-LENGTH DATA ELEMENTS--GENERAL INFORMATION
fixed length control field 080929t xxu||||| |||| 00| 0chin d
010 ## - LCCN (DPL NO)
LC control number HIN-92081
020 ## - INTERNATIONAL STANDARD BOOK NUMBER
International Standard Book Number 9789380169125
Terms of availability 200.00
035 ## - SYSTEM CONTROL NUMBER
System control number HN-64427
037 ## - SOURCE OF ACQUISITION
Source of stock number/acquisition DBAD / PUB
040 ## - CATALOGING SOURCE
Original cataloging agency DPL
Language of cataloging HN
082 ## - DEWEY DECIMAL CLASSIFICATION NUMBER
Classification number
100 ## - MAIN ENTRY--PERSONAL NAME
9 (RLIN) 26640
Personal name कौशिक, प्रेम नारायण
245 ## - TITLE STATEMENT
Title रणघोष /
Statement of responsibility, etc प्रेम नारायण कौशिक
246 ## - VARYING FORM OF TITLE
Title proper/short title Ranghosh
Remainder of title by Prem Narayan Koushik
260 ## - PUBLICATION, DISTRIBUTION, ETC. (IMPRINT)
Place of publication, distribution, etc दिल्ली
Name of publisher, distributor, etc नवशिला प्रकाशन
Date of publication, distribution, etc 2010
270 ## - ADDRESS
Address ए-75, श्रीराम कालोनी निलोठी एक्स. नांगलोई
City दिल्ली
Postal code 110041
Telephone number 0921331728, 09211336546
300 ## - PHYSICAL DESCRIPTION
Extent 118पृ.
Dimensions 22सेमी (सजिल्द)
650 ## - SUBJECT ADDED ENTRY--TOPICAL TERM
9 (RLIN) 697
Topical term or geographic name as entry element हिन्दी कथा साहित्य
650 ## - SUBJECT ADDED ENTRY--TOPICAL TERM
Topical term or geographic name as entry element Hindi Novel
9 (RLIN) 26674
650 ## - SUBJECT ADDED ENTRY--TOPICAL TERM
9 (RLIN) 698
700 ## - ADDED ENTRY--PERSONAL NAME
9 (RLIN) 26643
710 ## - ADDED ENTRY--CORPORATE NAME
9 (RLIN) 26662
942 ## - ADDED ENTRY ELEMENTS (KOHA)
Source of classification or shelving scheme Dewey Decimal Classification
Item type Hindi Books
Classification part
Call number suffix कौशिक
Holdings
Withdrawn status Lost status Source of classification or shelving scheme Damaged status Not for loan Collection code Home library Current library Date acquired Source of acquisition Cost, normal purchase price Total Checkouts Full call number Barcode Date last seen Copy number Cost, replacement price Koha item type
    Dewey Decimal Classification   Not For Loan Fiction D.B.Act.Division D.B.Act.Division 18/03/2011 d 200.00   उ कौशिक HN-64427 18/03/2011 1 200.00 Hindi Books

© Delhi Public Library
Hit Counter
free hit counter